Statistics for U.S. States with the Most Gun Ownership

Click here to take the quiz!

General Stats

  • This quiz has been taken 14,113 times
    (13,352 since last reset)
  • The average score is 6 of 10

Answer Stats

% State % Correct
52.3Montana
73%
48.9Alabama
71%
47.9North Dakota
68%
61.7Alaska
67%
53.8Wyoming
66%
56.9Idaho
65%
57.9Arkansas
50%
49.9New Mexico
49%
54.2West Virginia
35%
45.1Hawaii
29%

Score Distribution

Percentile by Number Answered

Percent of People with Each Score

Your Score History

You have not taken this quiz since the last reset